Statistics for Andy García Filmography

Click here to take the quiz!

General Stats

  • This quiz has been taken 29 times
    (2 since last reset)
  • The average score is 39 of 133

Answer Stats

TypeYearName% Correct
Film2018Mamma Mia! Here We Go Again
100%
Film2001Ocean's Eleven
100%
Film2007Ocean's Thirteen
100%
Film2004Ocean's Twelve
100%
Film2023Pain Hustlers
100%
Film1990The Godfather Part III
100%
TV Show2011The Simpsons
100%
Film2024What About Love
100%
Film19868 Million Ways to Die
50%
Film2010Across the Line: The Exodus of Charlie Wright
50%
Film2012A Dark Truth
50%
Film2020Ana
50%
Film1983A Night in Heaven
50%
Film1990A Show of Force
50%
Film2013At Middleton
50%
Film2018Bent
50%
Film1989Black Rain
50%
Film2018Book Club
50%
Film2023Book Club: The Next Chapter
50%
TV Film2013Christmas in Conway
50%
Film2009City Island
50%
TV Film1988Clinton and Nadine
50%
Film2003Confidence
50%
Film1991Dead Again
50%
Film1998Desperate Measures
50%
Film2023Expend4bless
50%
Film2022Father of the Bride
50%
Film2012For Greater Glory
50%
TV Film2000For Love or Country: The Arturo Sandoval Story
50%
Film2017Geostorm
50%
Film2016Ghostbusters
50%
Film1983Guaguasi
50%
Film1992Hero
50%
Film1997Hoodlum
50%
Film1990Internal Affairs
50%
Film1992Jennifer 8
50%
Film1999Just the Ticket
50%
Film2014Kill the Messenger
50%
Film2000Lakeboat
50%
Film2009La Linea
50%
Film2014Let's Be Cops
50%
Film2016Max Steel
50%
Film2023Miranda's Victim
50%
TV Film2018My Dinner with Hervé
50%
Film2008New York, I Love You
50%
Film1996Night Falls on Manhattan
50%
Film2013Open Road
50%
Film2016Passengers
50%
Film2021Redemption Day
50%
Film2014Rio 2
50%
Film2014Rob the Mob
50%
Film2007Smokin' Aces
50%
Film1988Stand and Deliver
50%
Film1995Steal Big Steal Little
50%
Film2007The Air I Breathe
50%
FilmTBAThe Ark: An Iron Sky Story
50%
Film1996The Disappearance of Garcia Lorca
50%
Film2005The Lazarus Child
50%
Film2005The Lost City
50%
Film2001The Man from Elysian Fields
50%
Film1985The Mean Season
50%
Film2018The Mule
50%
Film2009The Pink Panther 2
50%
Film2001The Unsaid
50%
Film1987The Untouchables
50%
Film1995Things to Do in Denver When You're Dead
50%
Film2004Twisted
50%
Film1994When a Man Loves a Woman
50%
Film2020Words on Bathroom Walls
50%
TV Documentary20192019 U.S. Open: Woodland Peaks at Pebble Beach
0%
Web Series2018-20193Below: Tales of Arcadia
0%
Film20115 Days of Water
0%
Documentary1996¿Adiós Patria?
0%
TV Special2007AFI Life Achievement Award: A Tribute to Al Pacino
0%
Film2019Against the Clock
0%
TV Special1999A Home for the Holidays
0%
TV Show1985Alfred Hitchcock Presents
0%
Film1988American Roulette
0%
TV Show1979Archie Bunker's Place
0%
FilmTBAArtist in Residence
0%
TV Show2016Ballers
0%
Film2021Barb and Star Go to Vista Del Mar
0%
Film2008Beverley Hills Chihuahua
0%
Film2022Big Gold Brick
0%
TV Film1988Blood Money
0%
Film1983Blue Skies Again
0%
TV Show1984Brothers
0%
Commercial2007Cadillac
0%
TV Film2008Classical Baby (I'm Grown Up Now): The Poetry Show
0%
Commercial2003DirecTV
0%
Commercial2003Dish Network
0%
TV Show2013Doll & Em
0%
TV Film2012Dora's Royal Rescue
0%
TV Show2012Dora the Explorer
0%
TV Show2020Elena of Avalor
0%
Web Series2020Flipped
0%
TV Show1986Foley Square
0%
TV Show1983For Love and Honor
0%
TV Show2001Frasier
0%
TV Show2006George Lopez
0%
FilmTBAHemingway & Fuentes
0%
Documentary2010Here Comes the Wolf: The Pandemic Hoax
0%
TV Show1981, 1984Hill Street Blues
0%
TV Special2001I Love Lucy's 50th Anniversary Special
0%
Documentary Series1996Intimate Portrait
0%
Music Video1993I See Your Smile
0%
TV Show2003JoJo's Circus
0%
Documentary2002Jose Marti: Legacy of Freedom
0%
Film2003Just Like Mona
0%
TV Show2005, 2014Kurtlar Vadisi - The Valley of the Wolves
0%
FilmTBALand of Grace
0%
TV Documentary2013Lee Trevino: An American Champion
0%
Documentary Mini-Series2022Legacy: The True Story of the LA Lakers
0%
Documentary2021Miss Angela
0%
TV Show2019Modern Love
0%
Film2004Modigiliani
0%
TV Show1984Murder, She Wrote
0%
Commercial2017Nespresso: Comin' Home
0%
FilmTBAOn Smoother Dirt
0%
Film2012Pablo
0%
TV Showr1978¿Qué Pasa, USA?
0%
TV Show2021Rebel
0%
Web Series2017Seven Bucks Digital Studios
0%
TV Film1999Swing Vote
0%
Award Show1999The 1st Annual Latin Grammy Awards
0%
Film1984The Lonely Guy
0%
TV Documentary2009The National Parks: America's Best Idea
0%
TV Mini-Series2008Tigri di Carta
0%
TV Show2010Top Gear
0%
Film2016True Memoirs of an International Assassin
0%
TV Show2003Will & Grace
0%
TV Film1997World's Coolest Bachelors
0%
Film2021Wrath of Man
0%

Score Distribution

Percentile by Number Answered

Percent of People with Each Score

Your Score History

You have not taken this quiz since the last reset